| 000 | 00491nam a2200169 4500 | ||
|---|---|---|---|
| 001 | 126264 | ||
| 003 | ES-MaACL | ||
| 005 | 20230906192804.0 | ||
| 007 | t| | ||
| 008 | 070214s1960 sp r ||||1| spa d | ||
| 100 | 1 |
_aRemírez Muneta, Jesús. _996133 |
|
| 245 | 1 | 3 |
_aLa oratoria sagrada _b: fundamento y técnica / _cJesús Remírez Muneta. |
| 250 | _a2ª ed. corr. y aum. | ||
| 260 |
_aMadrid : _bStudium, _c1960. |
||
| 300 |
_a176 p. ; _c22 cm. |
||
| 852 |
_aES-MaACL _jF-14092 _bR.47136 |
||
| 999 |
_c126264 _d126264 |
||